Normal view
MARC view
- Samia Tahira
Entry Personal Name
001 - CONTROL NUMBER
- control field: 91004
003 - CONTROL NUMBER IDENTIFIER
- control field: NUST
005 - DATE AND TIME OF LATEST TRANSACTION
- control field: 20220419100231.0
008 - FIXED-LENGTH DATA ELEMENTS
- fixed length control field: 220419|| aca||aabn | a|a d
040 ## - CATALOGING SOURCE
- Original cataloging agency: NUST
- Transcribing agency: NUST
100 ## - HEADING--PERSONAL NAME
- Personal name: Samia Tahira
670 ## - SOURCE DATA FOUND
- Source citation: Work cat.: (NUST): Samia Tahira., Structural, Electronic and Magnetic Properties of 2D MXene Monolayer for Energy Storage Applications:, 2022.
